A political and cultural history of India, vol.II: Mediaeval India (Record no. 374913)

000 -LEADER
fixed length control field 00438cam a22001457a 4500
008 - FIXED-LENGTH DATA ELEMENTS--GENERAL INFORMATION
fixed length control field 180718b1952 xxu||||| |||| 00| 0 eng d
082 ## - DEWEY DECIMAL CLASSIFICATION NUMBER
Classification number A6x54 Sa82p/2
100 ## - MAIN ENTRY--PERSONAL NAME
Personal name Sathianathaier, R.
245 ## - TITLE STATEMENT
Title A political and cultural history of India, vol.II: Mediaeval India
Statement of responsibility, etc. by R. Sathianathaier
250 ## - EDITION STATEMENT
Edition statement 2nd ed.
260 ## - PUBLICATION, DISTRIBUTION, ETC.
Place of publication, distribution, etc. Madras
Name of publisher, distributor, etc. S. Viswanathan
Date of publication, distribution, etc. 1952
300 ## - PHYSICAL DESCRIPTION
Extent 480p.
500 ## - GENERAL NOTE
General note Rs.5.50
650 ## - SUBJECT ADDED ENTRY--TOPICAL TERM
Topical term or geographic name entry element India - History - 1200-1707
Holdings
Withdrawn status Lost status Damaged status Not for loan Permanent Location Current Location Date acquired Full call number Barcode Date last seen Price effective from Koha item type
        Indian Institute of Public Administration Indian Institute of Public Administration 2010-02-05 A6x54 Sa82p/2 A663 2018-07-21 2018-07-21 A

Powered by Koha